Blockchain Basics

Saved in:
Bibliographic Details
Main Author: Daniel Drescher
Format: Book
Published: apress
Subjects:
Tags: Add Tag
No Tags, Be the first to tag this record!

MARC

LEADER 00000nam a2200000Ia 4500
005 20260427112707.0
526 |b FinTech 
100 |a Daniel Drescher 
020 |a 9781484226032 
650 |a Blockchain 
526 |a Masters 
942 |c BK 
245 |a Blockchain Basics 
260 |b apress 
999 |c 74  |d 74 
952 |0 0  |1 0  |4 0  |7 0  |8 3  |a BRISTOL  |b BRISTOL  |d 2026-04-22  |l 0  |p 000086  |r 2026-04-27 11:27:08  |w 2026-04-27  |y BK